| 000 | 02739cam a22004694a 4500 | ||
|---|---|---|---|
| 001 | muse16386 | ||
| 003 | MdBmJHUP | ||
| 005 | 20210127150928.0 | ||
| 006 | m o d | ||
| 007 | cr||||||||nn|n | ||
| 008 | 061004s2006 utu o 00 0 eng d | ||
| 010 | _z 2006032514 | ||
| 020 | _a9780874215434 | ||
| 020 | _z9780874216356 (cloth : acid-free paper) | ||
| 020 | _z0874216354 (cloth : acid-free paper) | ||
| 035 | _a(OCoLC)123565028 | ||
| 040 |
_aMdBmJHUP _cMdBmJHUP |
||
| 050 | 0 | 4 |
_aPS3537.W4786 _bZ59 2006 |
| 082 | 0 |
_a811/.54 _222 |
|
| 245 | 0 | 0 |
_aBody My House _bMay Swenson's Work and Life / _cedited by Paul Crumbley and Patricia M. Gantt. |
| 264 | 1 | _bUtah State University Press, | |
| 264 | 3 | _bProject MUSE, | |
| 300 |
_a1 online resource (254 p.) : _bill. ; |
||
| 504 | _a"Bibliography of the works of May Swenson": p. 205-238. | ||
| 504 | _aIncludes bibliographical references (p. 239-247) and index. | ||
| 505 | 0 | _aIntroduction / Patricia M. Gantt -- May Swenson chronology / Paul Crumbley and Patricia M. Gantt -- The love poems and letters of May Swenson / R. R. Knudson -- A figure in the tapestry : the poet's feeling runs ahead of her imagination / Paul Swenson -- May Swenson : Whitman's daughter / Alicia Ostriker -- May Swenson and Elizabeth Bishop / Kirstin Hotelling Zona -- De-Cartesianizing the universe : May Swenson's design of wor(l)ds / Gudrun M. Grabher -- That never told CAN be : May Swenson's manuscript witnesses / Martha Nell Smith -- Material girl : May Swenson's logopoetic materialism / Cynthia Hogue -- May Swenson and other animals : her poetics of natural selection / Paul Crumbley -- How everything happens : notes on May Swenson's theory of writing / Michael Spooner -- The queer poetics of May Swenson / Suzanne Juhasz -- "Question" and more questions : two shells for May Swenson / Mark Doty -- Bibliography of the works of May Swenson / compiled by Alice Geffen ; introduced by Carole Berglie. | |
| 506 | 0 |
_aOpen Access _fUnrestricted online access _2star |
|
| 588 | _aDescription based on print version record. | ||
| 600 | 1 | 1 |
_aSwenson, May _xCriticism and interpretation. |
| 655 | 7 |
_aElectronic books. _2local |
|
| 700 | 1 |
_aGantt, Patricia M., _d1943- |
|
| 700 | 1 |
_aCrumbley, Paul, _d1952- |
|
| 710 | 2 |
_aProject Muse. _edistributor |
|
| 830 | 0 | _aBook collections on Project MUSE. | |
| 856 | 4 | 0 |
_zFull text available: _uhttps://muse.jhu.edu/book/9309/ |
| 945 | _aProject MUSE - Archive Literature Foundation | ||
| 945 | _aProject MUSE - Archive Complete Foundation | ||
| 999 |
_c24004 _d24004 |
||